Eliminate Your Options Quiz Stats

 Plays Quiz Updated Oct 4, 2018

Score 0/10 Timer 06:00
4 Plays Today
Question Answer Wrong Answers
4 Basic Directions
ELIMINATE The one that is a 2009 Pixar Film

ELIMINATE The one that denotes a Conservative

ELIMINATE The one that indicates a play during an American Football game

Choose the only one left
Left
79.5%
Up
3.6%
Down
5.2%
Right
7.1%
Classical Elements
ELIMINATE The one the respiratory system primarily deals with

ELIMINATE The one named after a planet

ELIMINATE The one that is the Frankenstein monster's fear

Choose the only one left
Water
79%
Earth
2.3%
Air
3.6%
Fire
10.6%
Basic Numbers
ELIMINATE The number of Hunger Games movies

ELIMINATE The 'Loneliest Number' in a Three Dog Night song

ELIMINATE The number of Homer Simpson's children

Choose the only one left
2
71%
1
7.5%
3
4.5%
4
12.4%
The First 4 Letters of the Alphabet
ELIMINATE The one no US State name begins with

ELIMINATE The one whose vitamin lack of would cause rickets

ELIMINATE The one equal to a 2.0 GPA

Choose the only one left
A
66%
B
8.2%
C
7.7%
D
13.6%
Seasons
ELIMINATE The one also known as Fall

ELIMINATE The one that features the shortest period of daylight

ELIMINATE The one that translates to été in French

Choose the only one left
Spring
59.9%
Summer
31.3%
Autumn
3.2%
Winter
1.1%
U.S. Presidents
ELIMINATE The one who lived at Monticello

ELIMINATE The one known as the 'Great Emancipator'

ELIMINATE The one NOT on US currency

Choose the only one left
George Washington
54.3%
Thomas Jefferson
14.7%
Theodore Roosevelt
21.9%
Abraham Lincoln
4.3%
Renaissance Figures
ELIMINATE The one who was dyslexic, ambidextrous, & a vegetarian

ELIMINATE The one who painted the Sistine Chapel

ELIMINATE The one whose Ninja Turtle wears a purple mask

Choose the only one left
Raphael
51.1%
DaVinci
19.5%
Donatello
20%
Michelangelo
4.2%
Big 4 Sports
ELIMINATE The one league that features 31 teams

ELIMINATE The one league that is the oldest

ELIMINATE The one league that has no Canadian franchises

Choose the only one left
NBA
45.5%
MLB
10.7%
NFL
14.2%
NHL
24.5%
The Beatles
ELIMINATE The one born the earliest

ELIMINATE The one who was a member of the Traveling Wilburys

ELIMINATE The one with the middle name Winston

Choose the only one left
Paul McCartney
37.5%
John Lennon
20.2%
George Harrison
11.7%
Ringo Starr
25.1%
Four Corners States
ELIMINATE The one known as the Centennial State

ELIMINATE The one that contains Zion National Park

ELIMINATE The one that was incorporated as a state the latest

Choose the only one left
New Mexico
33%
Arizona
23.1%
Colorado
23.4%
Utah
15.1%

You're not logged in!

Compare scores with friends on all Sporcle quizzes.
OR
Log In

Sporcle TV

Today on Sporcle TV


Watch our educational content, quiz creation guides, and fun videos on Sporcle TV.

Show Comments

Extras

Top Quizzes Today


Score Distribution

Your Account Isn't Verified!

In order to create a playlist on Sporcle, you need to verify the email address you used during registration. Go to your Sporcle Settings to finish the process.

Report this User

Report this user for behavior that violates our Community Guidelines.

Details: